LIBRARY & INFORMATION CENTRE, KCAET, TAVANUR

ONLINE PUBLIC ACCESS CATALOGUE (OPAC)

Pre-university chemistry / (Record no. 10952)

MARC details
000 -LEADER
fixed length control field 00514cam a2200205ua 4500
041 ## - LANGUAGE CODE
Language code of text/sound track or separate title eng
082 ## - DEWEY DECIMAL CLASSIFICATION NUMBER
Classification number 540
Item number BHA/PR
100 ## - MAIN ENTRY--AUTHOR NAME
Personal name Bhaskara, Panicker .
245 ## - TITLE STATEMENT
Title Pre-university chemistry /
250 ## - EDITION STATEMENT
Edition statement 1 /
260 ## - PUBLICATION, DISTRIBUTION, ETC. (IMPRINT)
Place of publication Madras :
Name of publisher Central Art press ,
Year of publication 1965.
300 ## - PHYSICAL DESCRIPTION
Number of Pages 368 ; .
700 1# - ADDED ENTRY--PERSONAL NAME
Personal name Lakshminarasimhan, S .
700 1# - ADDED ENTRY--PERSONAL NAME
Personal name Sebastian, M P .
942 ## - ADDED ENTRY ELEMENTS (KOHA)
Koha item type Books
Holdings
Withdrawn status Lost status Damaged status Home library Current library Date acquired Cost, normal purchase price Full call number Accession Number Koha item type
Withdrawn     KAUAET KAUAET 07/04/2012 4.00 540 7341 Books
free website counter